00441nam a2200157Ia 4500100002200000650001200022942000700034654000900041245006100050260003100111082001300142300000800155546001200163999001700175952009100192 aLundin/Stephen C  aGeneral cBK afish aFISH:A remarkable way to boost Morale and improve result bHadder and Stoughtonc2000 a658bLUN a107 aENGLISH c24039d24039 001040708CRCaCRCEbCRCEd2023-03-17l0o658 LUNp13579r2023-03-17w2023-03-17yBK